000
00292nam a22001337a 4500
008
180222b xxu||||| |||| 00| 0 eng d
020
_a
060411989
041
_a
eng
080
_a
33
100
_a
52
101
_a
eco
245
_a
the economic latin america
_c
farley.r
942
_2
udc
_c
BK
999
_c
43160
_d
43160